000 00576ngm a22001930a 4500
001 PT38523
003 AR-LpoUNG
005 20210202000523.0
007 vd cvaizq
008 191001suuuu||||ag |||||||||||||||||spa d
040 _aAR-LpoUNG
_bspa
_cAR-LpoUNG
_eaacr
041 _aspa
044 _aag
245 1 0 _a6 de setiembre de 1930 :
_bgolpe de estado de Uriburu
260 _aBuenos Aires :
_bBlackman,
_cs.f.
520 _aUna rarísima pieza fílmica realizada por el bando golpista, en ocasión de la ruptura institucional de 1930
905 _a38523
942 _cDVD
999 _c55028
_d55028